Radios Universitarias /

Guardado en:
Bibliografiske detaljer
Hovedforfatter: Ballesteros López, Tito
Format: Texto
Tags: Tilføj Tag
Ingen Tags, Vær først til at tagge denne postø!

MARC

LEADER 00000 a a2200000 04500
001 46668
003
040
100 |a Ballesteros López, Tito  
245 |a Radios Universitarias /  |c Tito Ballesteros López  
773 |g número29 ( , 2012), páginas 129-135  
999 |c 26924  |d 26924